Countries The NFL Has Played In - Statistics

General Stats
  • This quiz has been taken 87 times
    7 since last reset
  • The average score is 7 of 8
Answer Stats
Times Played Country % Correct
5 Germany
100%
5 Mexico
100%
1 Spain
100%
15000+ USA
100%
2 Brazil
80%
1 Ireland
80%
35+ UK
80%
6 Canada
60%
No matching quizzes found
Score Distribution
Percent of People with Each Score
Percentile by Number Answered
Your Score History
You have not taken this quiz since the last reset